Statystyki dla Najwięksi odkrywcy w historii

Kliknij tutaj aby rozwiązać quiz!

Ogólne statystyki

  • Ten quiz został rozwiązany 148 razy
  • Średni wynik to 5 z 10

Statystyki odpowiedzi

Czego dokonałodkrywca% Poprawnych
odkrył AmerykęKrzysztof Kolumb
100%
pierwszy opłynął świat dookołaFerdynand Magellan
87%
odkrył drogę morską do IndiiVasco da Gama
79%
od jego imienia pochodzi nazwa AmerykaAmerigo Vespucci
65%
podróżował do Azji i Chin, wytyczył jedwabny szklakMarco Polo
58%
odkrył Hawaje i różne wyspy PacyfikuJames Cook
50%
dotarł jako pierwszy do bieguna południowegoRoald Amundsen
28%
dopłynął do Przylądka Dobrej NadzieiBartolomeu Dias
20%
drugi Europejczyk, który znalazł Amerykę Północną, odkrył wschodnie wybrzeża KanadyJohn Cabot
5%
ustanowił najwcześniejszą osadę Anglików w Ameryce PółnocnejJohn Smith
3%

Rozkład punktacji

Percentyl według liczby udzielonych odpowiedzi

Procent ludzi z każdym wynikiem

Twoja historia wyników

Nie rozwiązałeś tego quizu